000 00713cam a2200265 4500
008 090401t1992 xxu||||| |||| 00| 0 eng d
020 _a0851255345
035 _a(Sirsi) u31278
041 _aeng
050 _a690
110 _aBuilding Research Establishment
245 _aRemedial wood preservatives: use them safety.
260 _aGarston, Watford
_bBuilding Research Establishment
_c1992
300 _a4p. : ill. ; 30cm.
350 _a0
490 _aBRE Digest
_v371
650 _aEnvironment
_96238
650 _aFUNGAL DECAY
650 _aHEALTH AND SAFETY
_96244
650 _aTIMBER TREATMENT
650 _aWOODWORM
690 _aBUILT ENVIRONMENT
942 _n0
948 _c04/03/1997
999 _c89574
_d89574